Systems analysis and design method
| Main Author: | |
|---|---|
| Other Authors: | , |
| Format: | Book |
| Published: |
Boston, Mass :
Irwin/McGraw-Hill ,
2000
|
| Edition: | 5th ed. |
| Subjects: |
MARC
| LEADER | 00000cam a2200000 7i4500 | ||
|---|---|---|---|
| 001 | 0000009819 | ||
| 005 | 20051124.0 | ||
| 020 | |a 0071180702 | ||
| 040 | |a INS | ||
| 090 | 0 | 0 | |a QA76.9.S88 |b W48 2000 |
| 100 | 1 | |a Whitten, Jeffrey L. | |
| 245 | 1 | 0 | |a Systems analysis and design method |c Jeffrey L. Whitten |
| 250 | |a 5th ed. | ||
| 260 | |a Boston, Mass : |b Irwin/McGraw-Hill , |c 2000 | ||
| 300 | |a 724p. ; |c 29cm. | ||
| 650 | 0 | 0 | |a System analysis |
| 650 | 0 | 0 | |a System design |
| 700 | 1 | |a Bentley, Lonnie D. | |
| 700 | 1 | |a Dittman, Kevin C. | |
| 999 | |a 0000008586 |b BOOK |c Open Shelf |e Default branch | ||